000 05071nam a22004453i 4500
001 EBC5845600
003 MiAaPQ
005 20240724113853.0
006 m o d |
007 cr cnu||||||||
008 240724s2019 xx o ||||0 ita d
020 _a9781789690927
_q(electronic bk.)
035 _a(MiAaPQ)EBC5845600
035 _a(Au-PeEL)EBL5845600
035 _a(OCoLC)1111976631
040 _aMiAaPQ
_beng
_erda
_epn
_cMiAaPQ
_dMiAaPQ
050 4 _aBL793.S3 .C783 2019
082 0 _a292.08093911
100 1 _aCruccas, Emiliano.
245 1 0 _aNVMINA MAGNA :
_bRoma e il Culto Dei Grandi Dei Di Samotracia.
250 _a1st ed.
264 1 _aOxford :
_bArchaeopress,
_c2019.
264 4 _c©2019.
300 _a1 online resource (157 pages)
336 _atext
_btxt
_2rdacontent
337 _acomputer
_bc
_2rdamedia
338 _aonline resource
_bcr
_2rdacarrier
490 1 _aArchaeopress Roman Archaeology Series ;
_vv.56
505 0 _aCover -- Title Page -- Copyright Page -- Contents Page -- Prefazione -- Premessa -- Cap. 1. …Und niemals wissen, was sie sind! Origine e sviluppo del culto dei Cabiri e dei Grandi Dei nel Mediterraneo orientale -- Cap. 2. Lari, Penati e Grandi Dei di Samotracia a Roma tra la media e la tarda età repubblicana -- 2.1 Samotracia e Roma: il culto dei Grandi Dei e i cittadini romani -- 2.2 Sincretismi e polisemicità di gruppi divini: le identificazioni Penati - Grandi Dei e Lan - Grandi Dei. -- 2.2.1 Vos di patrii ac Penates qui huic urbi atque huic reipublicae praesidetis (Cic. Pro Sulla 86). Divinità che proteggono 1: I Penates. -- 2.2.1.1 'ex Samothrace in Phrygiam' e 'ex Phrygia in Italiam'. I Penati di Lavinio -- 2.2.1.2 Τρωικοὶ θεοί di Roma. Il culto dei Penati tra l'aedes Vestae e il tempio sulla Velia -- 2.2.2 Qui compita servant / et vigilant nostra semper in urbe (Ov. fasti 2,615-616). Divinità del focolare, divinità che proteggono 2: I Lares. -- 2.2.2.1 Il tempio dei Lares Permarini a Roma -- 2.2.2.2 Il tempio dei Lares Praestites a Roma -- 3. Lapis nigellus. L'introduzione del culto della Magna Mater a Roma e in Italia -- Cap. 4. L'atrium della villa di Oplontis: l'autocelebrazione di un devoto ai Grandi Dei di Samotracia? -- Cap. 5. ‚Klein von Gestalt,/ Groß von Gewalt,/ Der Scheiternden Retter,/ Uralt-verehrte Götter!' In conclusione. -- Summary -- Tabella cronologica -- Indice delle fonti antiche -- Autori -- Iscrizioni -- Indice analitico -- Personaggi storici -- Divinità/eroi -- Luoghi e monumenti -- Cose notevoli -- Indice delle abbreviazioni bibliografiche -- Indice -- Lista delle figure -- Prefazione -- Premessa -- Cap. 1. …Und niemals wissen, was sie sind! Origine e sviluppo del culto dei Cabiri e dei Grandi Dei nel Mediterraneo orientale.
505 8 _aCap. 2. Lari, Penati e Grandi Dei di Samotracia a Roma tra la media e la tarda età repubblicana -- 2.1 Samotracia e Roma: il culto dei Grandi Dei e i cittadini romani -- 2.2 Sincretismi e polisemicità di gruppi divini: le identificazioni Penati - Grandi Dei e Lari - Grandi Dei. -- 2.2.1 Vos di patrii ac Penates qui huic urbi atque huic reipublicae praesidetis (Cic. Pro Sulla 86). Divinità che proteggono 1: I Penates. -- 2.2.1.1 'ex Samothrace in Phrygiam' e 'ex Phrygia in Italiam'. I Penati di Lavinio -- 2.2.1.2 Τρωικοὶ θεοί di Roma. Il culto dei Penati tra l'aedes Vestae e il tempio sulla Velia -- 2.2.2 Qui compita servant / et vigilant nostra semper in urbe (Ov. fasti 2,615-616). Divinità del focolare, divinità che proteggono 2: I Lares. -- 2.2.2.1 Il tempio dei Lares Permarini a Roma -- 2.2.2.2 Il tempio dei Lares Praestites a Roma -- 3. Lapis nigellus. L'introduzione del culto della Magna Mater a Roma e in Italia -- Cap. 4. L'atrium della villa di Oplontis: l'autocelebrazione di un devoto ai Grandi Dei di Samotracia? -- Cap. 5. ‚Klein von Gestalt,/ Groß von Gewalt,/ Der Scheiternden Retter,/ Uralt-verehrte Götter!' In conclusione. -- Summary -- Tabella cronologica -- Indice delle fonti antiche -- Autori -- Iscrizioni -- Indice analitico -- Personaggi storici -- Divinità/eroi -- Luoghi e monumenti -- Cose notevoli -- Indice delle abbreviazioni bibliografiche.
520 _aThis volume underlines the main aspects of the cult of the Great Gods of Samothrace in light of the influences of Roman cultural and mythological substratum.
588 _aDescription based on publisher supplied metadata and other sources.
590 _aElectronic reproduction. Ann Arbor, Michigan : ProQuest Ebook Central, 2024. Available via World Wide Web. Access may be limited to ProQuest Ebook Central affiliated libraries.
650 0 _aSamothrace Island (Greece)-Religion.
655 4 _aElectronic books.
776 0 8 _iPrint version:
_aCruccas, Emiliano
_tNVMINA MAGNA: Roma e il Culto Dei Grandi Dei Di Samotracia
_dOxford : Archaeopress,c2019
797 2 _aProQuest (Firm)
830 0 _aArchaeopress Roman Archaeology Series
856 4 0 _uhttps://ebookcentral.proquest.com/lib/orpp/detail.action?docID=5845600
_zClick to View
999 _c12424
_d12424